000 00289nam a22001217a 4500
008 170627b xxu||||| |||| 00| 0 eng d
041 _aeng
080 _27 ED
_a82
100 _a21
101 _aGJL
245 _aLITERATURE A SHORT GUIDE WRITING ABOUT
_cBARNET.S
942 _2udc
_cBK
999 _c19192
_d19192